• 首页
  • 本馆介绍
  • 公告通知
  • 最新文献
  • 馆藏检索
  • 电子资源
  • 读者导购
  • 参考咨询
  • 我的图书馆
  • 登录
  • 详细信息显示
  • 放入我的书架
  • 预约/预借图书
  • 作者相关作品
  • 分类相关作品
  • 丛书相关作品
  • 出版社相关作品

书目信息

  • 表格格式
  • 工作单格式
  • 卡片格式
题名:
TI系列可编程序计算器原理与维护
    
 
作者: 王吉安 , 左新之 编著
分册:  
出版信息: 北京   烃加工出版社  1985
页数: 168页
开本: 20cm
丛书名: 袖珍计算机中国用户交流协会丛书
单 册:
中图分类: TP323 , TP36
科图分类:
主题词: 可编程序计算器 , 微型计算机
电子资源:
ISBN:
000 00869nam2 2200301 45
001 0185019810
005 20040520153655.3
010    @dCNY1.70
091    @a15391.3
100    @a19900923d1985 em y0chiy0121 ea
101 0  @achi
102    @aCN@b110000
105    @ay z 000yy
106    @ar
200 10 @aTI系列可编程序计算器原理与维护@ATI xi lie ke bian cheng xu ji suan qi yuan li yu wei hu@f王吉安,左新之编著
210    @a北京@c烃加工出版社@d1985
215    @a168页@d20cm
225 2  @a袖珍计算机中国用户交流协会丛书
410  0 @120010@a袖珍计算机中国用户交流协会丛书
606    @a可编程序计算器
606 0  @a微型计算机
690    @aTP323@v3
690    @aTP36
701  0 @a王吉安@Awang ji an@4编著
701  0 @a左新之@Azuo xin zhi@4编著
801  0 @aCN@b深圳图书馆@c20040520
801  2 @aCN@bNLC@c20040520
905    @f2@b148613-614@dTP36@e96
    
    TI系列可编程序计算器原理与维护/王吉安,左新之编著.-北京:烃加工出版社,1985
    168页;20cm.-(袖珍计算机中国用户交流协会丛书)
    
    
    ISBN :CNY1.70
    
●
相关链接 在E读中查询图书 在五车中查询图书 在当当中查询图书 在豆瓣中查询图书


正题名:TI系列可编程序计算器原理与维护     索取号:TP36/96         预约/预借

序号 登录号 条形码 馆藏地/架位号 状态 备注
1 0148613   001680880   密集书库/ [索取号:TP36/96] 在馆    
2 0148614   001680871   密集书库/ [索取号:TP36/96] 在馆    
3 0148615   001680915   第二样本阅览室/ [索取号:TP36/96] 在馆    
唐山师范学院图书馆 欢迎您!
大连网信软件有限公司© 版权所有